000 004520000a22001810004500
003 MACL
005 20151231151722.0
008 151231b xxu||||| |||| 00| 0 eng d
040 _aMACL
_cMACL
041 _aEnglish
082 _a403/APT
100 _aApte, Vaman Shivram
_925833
245 _aSanskrit English Dictionary
260 _bMotilal Banarsidass
_c2000
_aDelhi
350 _a295
650 _aDictionary
_925834
942 _cBK
_k403/APT
_2ddc
999 _c37152
_d37152